| 000 | 00855nam a22002537i 4500 | ||
|---|---|---|---|
| 999 |
_c23278 _d23278 |
||
| 003 | AR-CdUCM | ||
| 008 | 250424b20142014 pe||||| |||| 00| 0 spa d | ||
| 040 |
_aMUNICIPALIDAD PROVINCIAL DEL CUSCO _cBIBLIOTECA MUNICIPAL DEL CUSCO |
||
| 041 | _hspa | ||
| 082 |
_aEP / 363.7 / A81 _bA81 |
||
| 110 |
_aAsociación Pukllasunchis - Kawsay-Centro de promoción ambiental _951141 |
||
| 245 | _aSencillas cosas que TÚ puedes hacer para armonizar con la tierra / | ||
| 260 |
_aCusco : _bAsociacion Pukllsunchis _c2014 |
||
| 300 |
_a15 páginas. : _bIlustraciones _c21x14 cm. |
||
| 650 |
_aEl agua _923457 |
||
| 650 |
_aLos residuos _951142 |
||
| 650 |
_aPapel _928481 |
||
| 650 |
_aAlimentación _919429 |
||
| 650 |
_aEnergía _915841 |
||
| 650 |
_aTransporte _99473 |
||
| 856 | _fwww.pucllasunchis.org | ||
| 942 |
_2ddc _cLIBROS |
||
| 945 |
_apbjr _d09-04-2025 |
||